|
|
|
|
| LEADER |
00961ncm a22002772a 4500 |
| 001 |
001232195 |
| 003 |
CZ BrMZK |
| 005 |
20130711095801.0 |
| 007 |
qu |
| 008 |
120719s1967 xr |||||||||||||||||slo d |
| 040 |
|
|
|a BOA001
|b cze
|
| 072 |
|
7 |
|a 784
|x Vokální hudba
|2 Konspekt
|9 9
|
| 100 |
1 |
|
|a Martin, Billy
|7 xx0014898
|4 lyr
|4 cmp
|
| 245 |
1 |
0 |
|a Ako malá psík
|h [hudebnina] /
|c slová i hudba Bill Martin a Phil Coulter ; slovenský text Rudolf Skukálek
|
| 250 |
|
|
|a 1. vyd.
|
| 260 |
|
|
|a Praha :
|b Supraphon,
|c 1967
|
| 300 |
|
|
|a 1 sv. (nestránkován)
|
| 490 |
1 |
|
|a Pesničky Supraphonu ;
|v č. 54
|
| 500 |
|
|
|a Zpěv a klavír
|
| 700 |
1 |
|
|a Coulter, Phil,
|d 1942-
|7 mzk2009544707
|4 cmp
|4 lyr
|
| 700 |
1 |
|
|a Skukálek, Rudolf,
|d 1931-2008
|7 ola2002153412
|4 lyr
|
| 830 |
|
0 |
|a Pesničky Supraphonu
|
| 910 |
|
|
|a BOA001
|b Mus4-0590.203
|
| 990 |
|
|
|a MU
|
| 991 |
|
|
|b 201207
|
| 996 |
6 |
|
|b 2619097922
|c Mus4-0590.203
|l MZK
|r Sklad / do 1 hodiny
|n 0
|w 001265947
|u 000010
|a 1
|e BOA001
|j MZK50
|s P
|